000 01028nam0a22002531 4500
001 rc\4333756
005 20130416133535.3
035 _a(NLR Aleph) 008271757
090 _a8460631
_c8460631
100 _a20130416d1957 |||y0rusy50 ca
101 0 _arus
102 _aRU
105 _aa z |||||
200 1 _aОпределение числа классов идеалов алгебраических полей 4-го порядка
_fМ-во просвещения РСФСР. Северо-Осетинск. гос. пед. ин-т им. К.Л. Хетагурова
210 _aОрджоникидзе
_cБ. и.
_d1957
215 _a29 с.
_cчерт.
_d26
320 _aУченые записки Северо-Осетинск. пед. ин-та. Т. 21, вып. 1. Сер. физ.-матем. и биол. Отд. отт.
320 _aБиблиогр.: с. 25
700 1 _aГудиев
_bА. Х.
801 0 _aRU
_bNLR
_gpsbo
801 1 _aRU
_bELAR
_2rusmarc
852 _aNLR
_j57-7/1384
942 _cBOOK
980 _aNB